| 000 | 00701nam a2200229 u 4500 | ||
|---|---|---|---|
| 005 | 20240912063859.0 | ||
| 008 | 170912s2011 ag r 000 0 spa d | ||
| 020 | _a9789501129571 | ||
| 035 | _aUPN01000220452 | ||
| 049 | _aI | ||
| 050 | 4 |
_aPZ78 _bB3.37 |
|
| 100 | 1 |
_aBasch, Adela, _d1946- _931827 |
|
| 245 | 1 | 0 |
_aEsteban Chis y la importancia de los colores / _cAdela Basch ; il. de Damián Zain. |
| 260 |
_aBuenos Aires : _bSigmar, _c2011. |
||
| 300 |
_a16 p. : _bil. col. |
||
| 440 | 0 | _aHilo infinito | |
| 650 | 4 |
_aCuentos infantiles argentinos _97466 |
|
| 650 | 2 |
_aColores _vLiteratura infantil _921262 |
|
| 740 | 3 | _aLa importancia de los colores | |
| 905 | _aInfantil | ||
| 999 |
_c192551 _d192551 |
||